| 000 | 00701nam a22002297a 4500 | ||
|---|---|---|---|
| 005 | 20170124110032.0 | ||
| 010 | _aB-102024 | ||
| 020 |
_a9788125915614 _c58.00 |
||
| 035 | _aB-102024 | ||
| 037 | _bCen Lib/Ret | ||
| 040 |
_aDPL _bEN |
||
| 082 |
_a510 _bFAN |
||
| 100 |
_aFanthome, Dorothy _920580 |
||
| 245 |
_aMaths workbook 4 / _cby Dorothy Fanthome [and] Saroj Sharma |
||
| 260 |
_aNew Delhi _bMaduban Educational Books _c2003 |
||
| 270 |
_a576, Masjid Road Jangpura _bNew Delhi _e110014 |
||
| 300 |
_a106p. : _c23cm(pbk) _bill. |
||
| 650 |
_aMathematics _98937 |
||
| 650 |
_aMathematics -- Workbook _971889 |
||
| 700 |
_aSharma, Saroj _917817 |
||
| 942 |
_2ddc _cEN _h510 _mFAN |
||
| 999 |
_c127944 _d127944 |
||